Größte sachsen-anhaltische Stadien - Statistiken

Allgemein
  • Dieses Quiz wurde 4 mal gespielt
  • Das Durchschnittsergebnis liegt bei 2 aus 10
Antwortstatistiken
Verein Kapazität Stadioname % Korrekt
1.FC Magdeburg 30,000 Avnet Arena
75%
Hallescher FC 15,000 Erdgas Sportpark/Leuna-Chemie-Sportpark
50%
VfB Sangerhausen 8,000 Friesenstadion
25%
Haldensleber SC 7,000 Waldstadion Haldensleben
25%
VfB Germania Halberstadt 6,000 Friedensstadion Halberstadt
0%
1.FC Bitterfeld-Wolfen 7,500 Jahnstadion Bitterfeld-Wolfen
0%
FC Grün-Weiß Piesteritz 4,500 Sparkassenstadion Piesteritz
0%
SV Dessau 05 5,000 Stadion am Schillerpark
0%
BSV Halle-Ammendorf 5,000 Stadion der Waggonbauer
0%
SSC Weißenfels 7,000 Stadtstadion Weißenfels
0%
Keine übereinstimmenden Quizze gefunden
Verteilung der Resultate
Anzahl Personen mit jedem Resultat
Perzentil nach korrekt beantworteten Fragen
Ihre Resultats-Entwicklung
Sie haben dieses Quiz noch nicht gespielt